|
|
|
|
| LEADER |
00000nam0a2200000 4500 |
| 001 |
263351 |
| 005 |
20231101233729.0 |
| 010 |
|
|
|a 5120003648
|
| 035 |
|
|
|a (RuTPU)RU\TPU\book\286336
|
| 090 |
|
|
|a 263351
|
| 100 |
|
|
|a 20140607d1988 k y0rusy50 ca
|
| 101 |
0 |
|
|a rus
|
| 102 |
|
|
|a UA
|
| 105 |
|
|
|a a z 001zy
|
| 200 |
1 |
|
|a Структура органических солей, реакционная способность и механизмы реакций
|e сборник научных трудов
|f Академия наук Украинской ССР (АН УССР), Институт физико-органической химии и углехимии
|
| 210 |
|
|
|a Киев
|c Наукова думка
|d 1988
|
| 215 |
|
|
|a 176 с.
|c ил.
|
| 320 |
|
|
|a Библиография в конце статей
|
| 606 |
1 |
|
|a Соли органические
|x Химия
|2 stltpush
|3 (RuTPU)RU\TPU\subj\75903
|9 87433
|
| 610 |
1 |
|
|a структура
|
| 610 |
1 |
|
|a химические реакции
|
| 610 |
1 |
|
|a механизм
|
| 610 |
1 |
|
|a физико-органическая химия
|
| 610 |
1 |
|
|a электролитическая диссоциация
|
| 610 |
1 |
|
|a константы
|
| 610 |
1 |
|
|a расчет
|
| 675 |
|
|
|a 547.1-31/-39
|v 3
|
| 712 |
0 |
2 |
|a Академия наук Украинской ССР (АН УССР)
|b Институт физико-органической химии и углехимии
|c (Донецк)
|2 stltpush
|3 (RuTPU)RU\TPU\col\12481
|
| 801 |
|
1 |
|a RU
|b 63413507
|c 20140607
|
| 801 |
|
2 |
|a RU
|b 63413507
|c 20170113
|g RCR
|
| 942 |
|
|
|c BK
|